000 00446nam a2200157 i 4500
001 34785
003 ES-MaACL
005 20230906155010.0
007 t|
008 030211s1913 fr ||||1| fre d
100 1 _aBonnamour, George.
_930222
245 1 2 _aL'apaisement
_b: les services français d'un homme d'Etat /
_cGeorge Bonnamour.
260 _a[S.l.] :
_bMayeune Colin,
_c1913.
300 _a358 p. ;
_c19 cm.
852 _aES-MaACL
_jD-5082
999 _c34785
_d34785